00840nam a2200241 a 450000100100000000500170001000800410002702000150006804000250008304100130010810000220012124000320014324500970017526000770027230000210034949000250037050000210039550000400041650000550045650400320051170000300054383000250057300000249720200929150211.0090702s1989 es 001 0 spa d a8486168406 aDO-SdBNPbspacBNPHU17aepa2fre1 aFijalkow, Jacques10aMauvais lecteurs. Pourquoi?10aMalos lectores :b¿por qué? /cJacques Fijalkow ; traducción Judith Dellepiane de Rama. aMadrid :bFundación Germán Sánchez RuipérezbPirámides,c1989. a270 p. ;c21 cm.1 aBiblioteca del Libro aIncluye índice aIncluye notas al pie de las paginas aIncluye datos biográficos del autor en la solapa aBibliografía : p. 217-2701 aEllepiane de Rama, Judith 0aBiblioteca del libro